• 首页
  • 本馆介绍
  • 公告通知
  • 最新文献
  • 馆藏检索
  • 电子资源
  • 读者导购
  • 参考咨询
  • 我的图书馆
  • 登录
  • 详细信息显示
  • 放入我的书架
  • 预约/预借图书
  • 作者相关作品
  • 分类相关作品
  • 丛书相关作品
  • 出版社相关作品

书目信息

  • 表格格式
  • 工作单格式
  • 卡片格式
题名:
中国药用植物
    
 
作者: 叶华谷 , 曾飞燕 , 叶育石 主编
分册: 第一册  
出版信息: 武汉   华中科技大学出版社  2013.05
页数: 393页
开本: 21cm
丛书名:
单 册:
中图分类: R282.71
科图分类:
主题词: 药用植物--介绍--中国 , 药用植物
电子资源:
ISBN: 978-7-5609-8216-8
000 01235nam0 2200301 450
001 012013054518
005 20140707105404.26
010    @a978-7-5609-8216-8@b精装@dCNY138.00,USD29.99
100    @a20130703d2013 em y0chiy0110 ea
101 0  @achi
102    @aCN@b420000
105    @aa z 001yy
106    @ar
200 1  @a中国药用植物@9zhong guo yao yong zhi wu@dChineses medicinal plants@h第一册@f叶华谷,曾飞燕,叶育石主编@zeng
210    @a武汉@c华中科技大学出版社@d2013.05
215    @a393页@c图@d21cm
300    @a“中国科学院战略生物资源科技支撑体系运行专项(CZBZX-1)、财政部战略生物资源科技支撑运行专项(KSCX2-YW-Z-1004)、植物园迁地保护植物编目及信息标准化(2009FY120200)”项目资助出版
330    @a本书阐述中医中药已有数千年的历史,是中华民族长期在生产、生活及与疾病斗争的经验总结。由于中药的药物中草类占大多数,所以记载药物的书籍便称为“本草、百草”。
333    @a药用植物研究者及爱好者
510 1  @aChineses medicinal plants@zeng
606 0  @a药用植物@x介绍@y中国
606 0  @a药用植物
690    @aR282.71@v5
701  0 @a叶华谷@9ye hua gu@4主编
701  0 @a曾飞燕@9zeng fei yan@4主编
701  0 @a叶育石@9ye yu shi@4主编
801  0 @aCN@b人天书店@c20130703
905    @b847441-43@dR282.71@e324:1@f3
    
    中国药用植物=Chineses medicinal plants.第一册/叶华谷,曾飞燕,叶育石主编.-武汉:华中科技大学出版社,2013.05
    393页:图;21cm
    “中国科学院战略生物资源科技支撑体系运行专项(CZBZX-1)、财政部战略生物资源科技支撑运行专项(KSCX2-YW-Z-1004)、植物园迁地保护植物编目及信息标准化(2009FY120200)”项目资助出版.-使用对象:药用植物研究者及爱好者
    
    ISBN 978-7-5609-8216-8(精装):CNY138.00,USD29.99
    本书阐述中医中药已有数千年的历史,是中华民族长期在生产、生活及与疾病斗争的经验总结。由于中药的药物中草类占大多数,所以记载药物的书籍便称为“本草、百草”。
●
相关链接 在E读中查询图书 在五车中查询图书 在当当中查询图书 在豆瓣中查询图书


正题名:中国药用植物     索取号:R282.71/324:1         预约/预借

序号 登录号 条形码 馆藏地/架位号 状态 备注
1 847441   208474417   第二样本阅览室/ [索取号:R282.71/324:1] 在馆    
2 847442   208474426   第三借阅区/ [索取号:R282.71/324:1] 在馆    
3 847443   208474435   密集书库-生命科学系/ [索取号:R282.71/324:1] 在馆    
唐山师范学院图书馆 欢迎您!
大连网信软件有限公司© 版权所有